[Event "Taby SCT sim"]
[Site "Taby"]
[Date "2007.08.09"]
[Round "?"]
[White "Johansson, Christian"]
[Black "Xie, Jun"]
[Result "1/2-1/2"]
[WhiteElo "2136"]
[BlackElo "2573"]
[PlyCount "69"]
[EventDate "2007.08.09"]
[EventType "simul"]
[EventRounds "1"]
[EventCountry "SWE"]
[SourceTitle "EXT 2008"]
[Source "ChessBase"]
[SourceDate "2007.11.25"]
[SourceVersion "1"]
[SourceVersionDate "2007.11.25"]
[SourceQuality "1"]

1. d4 g6 2. Nf3 Bg7 3. c3 Nf6 4. Bg5 0-0 5. Nbd2 d5 6. e3 Nbd7 7. Bd3 Qe8 8. Bf4 c6 9. h3 Nh5 10. 0-0 e5 11. dxe5 Nxe5 12. Nxe5 Bxe5 13. Bxe5 Qxe5 14. Re1 Nf6 15. e4 dxe4 16. Nxe4 Nxe4 17. Rxe4 Qc7 18. Qe1 Be6 19. Qe2 Rad8 20. Bc4 Bxc4 21. Qxc4 Rd2 22. Re2 Rfd8 23. Rae1 Rxe2 24. Qxe2 Rd5 25. c4 Rd4 26. b3 Qd6 27. Qe7 Qd7 28. Qe8+ Kg7 29. Qe5+ Kg8 30. Qb8+ Kg7 31. Qxa7 Rd2 32. a4 Qf5 33. Qe3 Rd3 34. Qb6 Rd2 35. Qe3 1/2-1/2

[Event "All China Games 3rd"]
[Site "Suzhou"]
[Date "2006.05.25"]
[Round "10"]
[White "Tan, Zhongyi"]
[Black "Xie, Jun"]
[Result "0-1"]
[WhiteElo "2276"]
[BlackElo "2573"]
[PlyCount "92"]
[EventDate "2006.05.20"]
[EventType "swiss"]
[EventRounds "11"]
[EventCountry "CHN"]
[SourceTitle "CBM 112 Extra"]
[Source "ChessBase"]
[SourceDate "2006.07.14"]
[SourceVersion "1"]
[SourceVersionDate "2006.07.14"]
[SourceQuality "1"]

1. d4 Nf6 2. c4 g6 3. Nc3 Bg7 4. e4 d6 5. Nf3 0-0 6. Be2 Qe8 7. 0-0 e5 8. d5 Nfd7 9. b4 a5 10. bxa5 Rxa5 11. Nb5 Qd8 12. Be3 Nc5 13. Nd2 Ra6 14. f3 f5 15. Nb3 Nbd7 16. Qc2 b6 17. Bd3 f4 18. Nxc5 bxc5 19. Bf2 g5 20. Be2 Nf6 21. Rfb1 Qd7 22. Kh1 Qf7 23. Rb3 Bh6 24. Kg1 Kh8 25. Nc3 g4 26. Bh4 Rg8 27. Bxf6+ Qxf6 28. Rb8 Qh4 29. fxg4 f3 30. Bxf3 Be3+ 31. Kh1 Bf4 32. h3 Qg3 33. Kg1 Be3+ 34. Kh1 Rf8 35. Rf1 Rxf3 36. Rxc8+ Kg7 37. Rxc7+ Kg6 38. Qe2 Rxf1+ 39. Qxf1 Bf4 40. Kg1 Qxc3 41. Rc6 Rxa2 42. Rxd6+ Kf7 43. Rb6 Qe3+ 44. Kh1 Qg3 45. Rb7+ Ke8 46. Rb8+ Kd7 0-1

[Event "All China Games 3rd"]
[Site "Suzhou"]
[Date "2006.05.24"]
[Round "8"]
[White "Guo, Yu"]
[Black "Xie, Jun"]
[Result "1/2-1/2"]
[WhiteElo "2411"]
[BlackElo "2573"]
[PlyCount "31"]
[EventDate "2006.05.20"]
[EventType "swiss"]
[EventRounds "11"]
[EventCountry "CHN"]
[SourceTitle "CBM 112 Extra"]
[Source "ChessBase"]
[SourceDate "2006.07.14"]
[SourceVersion "1"]
[SourceVersionDate "2006.07.14"]
[SourceQuality "1"]

1. d4 Nf6 2. c4 g6 3. Nc3 Bg7 4. Nf3 0-0 5. g3 c6 6. Bg2 d5 7. cxd5 cxd5 8. 0-0 Nc6 9. Ne5 e6 10. f4 Bd7 11. Be3 Ne7 12. Bf2 Bc6 13. Qb3 Nd7 14. Rfd1 Qb6 15. e4 dxe4 16. Nxe4 1/2-1/2

[Event "All China Games 3rd"]
[Site "Suzhou"]
[Date "2006.05.22"]
[Round "5"]
[White "Xie, Jun"]
[Black "Chen, Fan"]
[Result "1/2-1/2"]
[WhiteElo "2573"]
[BlackElo "2354"]
[PlyCount "86"]
[EventDate "2006.05.20"]
[EventType "swiss"]
[EventRounds "11"]
[EventCountry "CHN"]
[SourceTitle "CBM 112 Extra"]
[Source "ChessBase"]
[SourceDate "2006.07.14"]
[SourceVersion "1"]
[SourceVersionDate "2006.07.14"]
[SourceQuality "1"]

1. e4 e6 2. d4 d5 3. Nd2 c5 4. exd5 Qxd5 5. Ngf3 cxd4 6. Bc4 Qd6 7. 0-0 Nf6 8. Nb3 Nc6 9. Nbxd4 Nxd4 10. Nxd4 a6 11. c3 Qc7 12. Qe2 g6 13. Bg5 Bg7 14. Bh4 0-0 15. Bg3 Qc5 16. Nb3 Qh5 17. a4 Bd7 18. Rfd1 Bc6 19. Nd4 Be4 20. f3 Bd5 21. Bd3 Rfe8 22. c4 e5 23. Nc2 Bc6 24. Re1 e4 25. fxe4 Qxe2 26. Rxe2 Nxe4 27. Nb4 Nxg3 28. hxg3 Rxe2 29. Bxe2 Bxb2 30. Ra2 Bd4+ 31. Kf1 Be4 32. Nd5 Rd8 33. Bf3 Bd3+ 34. Be2 Bxe2+ 35. Kxe2 Kg7 36. g4 Kh6 37. Rd2 Be5 38. Kf3 Rc8 39. Ne3 Rc7 40. Rd5 Bf6 41. g5+ Bxg5 42. Ng4+ Kh5 43. Nf6+ Kh6 1/2-1/2

[Event "All China Games 3rd"]
[Site "Suzhou"]
[Date "2006.05.21"]
[Round "4"]
[White "Lin, Chen"]
[Black "Xie, Jun"]
[Result "1/2-1/2"]
[WhiteElo "2361"]
[BlackElo "2573"]
[PlyCount "87"]
[EventDate "2006.05.20"]
[EventType "swiss"]
[EventRounds "11"]
[EventCountry "CHN"]
[SourceTitle "CBM 112 Extra"]
[Source "ChessBase"]
[SourceDate "2006.07.14"]
[SourceVersion "1"]
[SourceVersionDate "2006.07.14"]
[SourceQuality "1"]

1. e4 e5 2. f4 exf4 3. Bc4 Ne7 4. Nc3 d6 5. d4 Ng6 6. Nf3 Be7 7. 0-0 0-0 8. Ne2 Be6 9. Bd3 f5 10. d5 fxe4 11. Bxe4 Bf5 12. Nfd4 Bxe4 13. Ne6 Qc8 14. Qd4 Rf7 15. Qxe4 Nd7 16. N2xf4 Ndf8 17. Bd2 Nxf4 18. Rxf4 Rxf4 19. Bxf4 Bf6 20. c3 Qd7 21. Nxf8 Rxf8 22. Re1 Qf7 23. Bg3 Be5 24. Bh4 h6 25. Qd3 Qh5 26. Bg3 Bxg3 27. hxg3 Qg5 28. b3 a5 29. c4 Qf6 30. Kh2 Qf5 31. Qxf5 Rxf5 32. Re8+ Rf8 33. Rxf8+ Kxf8 34. g4 Kf7 35. Kg3 Kg6 36. Kf4 Kf6 37. a3 b6 38. b4 a4 39. b5 Kg6 40. g3 Kf6 41. g5+ hxg5+ 42. Ke4 g4 43. Kf4 g6 44. Ke4 1/2-1/2

[Event "All China Games 3rd"]
[Site "Suzhou"]
[Date "2006.05.20"]
[Round "1"]
[White "Xie, Jun"]
[Black "Li, Ruofan"]
[Result "1-0"]
[WhiteElo "2573"]
[BlackElo "2391"]
[PlyCount "84"]
[EventDate "2006.05.20"]
[EventType "swiss"]
[EventRounds "11"]
[EventCountry "CHN"]
[SourceTitle "CBM 112 Extra"]
[Source "ChessBase"]
[SourceDate "2006.07.14"]
[SourceVersion "1"]
[SourceVersionDate "2006.07.14"]
[SourceQuality "1"]

1. e4 c5 2. Nf3 e6 3. d4 cxd4 4. Nxd4 a6 5. Bd3 Bc5 6. Nb3 Ba7 7. Qe2 Nc6 8. Be3 Bxe3 9. Qxe3 d6 10. Qg3 Nf6 11. Nc3 0-0 12. Rd1 e5 13. 0-0 b5 14. a4 bxa4 15. Nxa4 Be6 16. Nc1 Qa5 17. b3 Rfc8 18. Ne2 Qb4 19. Qe3 a5 20. h3 d5 21. exd5 Nxd5 22. Qf3 Rab8 23. c3 Qa3 24. Ra1 Qe7 25. Be4 Rd8 26. c4 Ncb4 27. cxd5 Nxd5 28. Rfc1 Nf6 29. Nc5 Nxe4 30. Qxe4 Bd5 31. Qe3 Rb5 32. Rc3 Rdb8 33. Rac1 Qd6 34. Rd1 f5 35. f4 Re8 36. Ng3 g6 37. Na4 Qb8 38. fxe5 Bxb3 39. Rd7 Bxa4 40. Rdc7 Rbxe5 41. Qd4 Bb5 42. Nxf5 Qd8 1-0

[Event "Torch Cup"]
[Site "Xiapu"]
[Date "2005.06.22"]
[Round "15"]
[White "Xie, Jun"]
[Black "Li, Ruofan"]
[Result "1-0"]
[WhiteElo "2573"]
[BlackElo "2411"]
[PlyCount "99"]
[EventDate "2005.06.21"]
[EventType "team"]
[EventRounds "19"]
[EventCountry "CHN"]
[SourceTitle "CBM 106 Extra"]
[Source "ChessBase"]
[SourceDate "2005.07.01"]
[SourceVersion "1"]
[SourceVersionDate "2005.07.01"]
[SourceQuality "1"]

1. e4 e5 2. Nf3 Nc6 3. Bb5 a6 4. Ba4 Nf6 5. 0-0 Be7 6. Re1 b5 7. Bb3 0-0 8. h3 Bb7 9. d3 d6 10. a3 Qd7 11. Nbd2 Nd8 12. Nf1 Ne6 13. c3 Rfe8 14. Ng3 Bf8 15. Ba2 g6 16. d4 exd4 17. cxd4 Bg7 18. b4 Rad8 19. d5 Nf8 20. Bb2 c6 21. dxc6 Bxc6 22. Ng5 Ne6 23. Nxe6 fxe6 24. Rc1 Kh8 25. e5 dxe5 26. Qxd7 Bxd7 27. Bxe5 Rc8 28. Rcd1 Nd5 29. Bxg7+ Kxg7 30. Ne4 Rc7 31. Rd2 Nf4 32. g3 Nxh3+ 33. Kg2 e5 34. Red1 Bg4 35. f3 Bf5 36. Nd6 Ree7 37. Nxf5+ gxf5 38. Kxh3 e4 39. fxe4 fxe4 40. Bb1 e3 41. Re2 Rc3 42. Rd3 Rc1 43. Ba2 Ra1 44. Bd5 a5 45. Rexe3 Ra7 46. Bc6 axb4 47. axb4 R1a6 48. Rd7+ Rxd7 49. Bxd7 Kf6 50. Rc3 1-0

[Event "CHN-chT Torch Real Estate Cup"]
[Site "Wuxi"]
[Date "2005.05.10"]
[Round "9"]
[White "Xie, Jun"]
[Black "Ning, Chunhong"]
[Result "1/2-1/2"]
[WhiteElo "2573"]
[BlackElo "2363"]
[PlyCount "47"]
[EventDate "2005.05.08"]
[EventType "team-tourn"]
[EventRounds "13"]
[EventCountry "CHN"]
[SourceTitle "CBM 106 Extra"]
[Source "ChessBase"]
[SourceDate "2005.07.01"]
[SourceVersion "1"]
[SourceVersionDate "2005.07.01"]
[SourceQuality "1"]

1. e4 c5 2. Nf3 Nc6 3. Nc3 e5 4. Bc4 d6 5. d3 Be7 6. Nd2 Bg5 7. Nf1 Nh6 8. Bxg5 Qxg5 9. Ng3 0-0 10. Qd2 Qxd2+ 11. Kxd2 Be6 12. Rhf1 Rad8 13. f4 Bxc4 14. dxc4 exf4 15. Rxf4 Rfe8 16. h3 Re5 17. Rf2 a6 18. a4 f6 19. Rd1 Nf7 20. Kc1 Nd4 21. Nce2 Nxe2+ 22. Rxe2 Rde8 23. Rdd2 R5e6 24. b3 1/2-1/2

[Event "Jinan Torch Cup"]
[Site "Jinan"]
[Date "2005.04.20"]
[Round "1"]
[White "Xie, Jun"]
[Black "Zhu, Chen"]
[Result "1/2-1/2"]
[WhiteElo "2573"]
[BlackElo "2494"]
[PlyCount "55"]
[EventDate "2005.04.20"]
[EventType "team"]
[EventRounds "9"]
[EventCountry "CHN"]
[SourceTitle "CBM 106 Extra"]
[Source "ChessBase"]
[SourceDate "2005.07.01"]
[SourceVersion "1"]
[SourceVersionDate "2005.07.01"]
[SourceQuality "1"]

1. e4 e5 2. Nf3 Nf6 3. d4 exd4 4. e5 Ne4 5. Qxd4 d5 6. exd6 Nxd6 7. Bd3 Nc6 8. Qf4 Be7 9. Nc3 Qd7 10. 0-0 Qg4 11. a3 0-0 12. Re1 Qxf4 13. Bxf4 Be6 14. Bxd6 cxd6 15. Nb5 Bg4 16. Be4 Bxf3 17. Bxf3 Bf6 18. c3 Rfd8 19. Rad1 Be5 20. g3 g5 21. Bxc6 bxc6 22. Nd4 Bxd4 23. Rxd4 Rab8 24. Re2 Kf8 25. Red2 Ke7 26. Re2+ Kf8 27. Red2 Ke7 28. Re2+ 1/2-1/2

[Event "Olympiad Women-36"]
[Site "Mallorca"]
[Date "2004.10.26"]
[Round "11.1"]
[White "Madl, Ildiko"]
[Black "Xie, Jun"]
[Result "1/2-1/2"]
[WhiteElo "2369"]
[BlackElo "2569"]
[PlyCount "32"]
[EventDate "2004.10.15"]
[EventType "team-swiss"]
[EventRounds "14"]
[EventCountry "ESP"]
[SourceTitle "CBM 102 Extra"]
[Source "ChessBase"]
[SourceDate "2004.11.03"]
[SourceVersion "1"]
[SourceVersionDate "2004.11.03"]
[SourceQuality "1"]
[WhiteTeam "Hungary (W)"]
[BlackTeam "China (W)"]
[WhiteTeamCountry "HUN"]
[BlackTeamCountry "CHN"]

1. e4 e5 2. Nf3 Nc6 3. Bb5 a6 4. Ba4 Nf6 5. 0-0 Be7 6. Bxc6 dxc6 7. d3 Nd7 8. b3 0-0 9. Bb2 Bf6 10. Nbd2 Re8 11. h3 c5 12. Nh2 Nf8 13. Ng4 Bxg4 14. hxg4 Re6 15. g3 Ng6 16. Qe2 Bg5 1/2-1/2

[Event "Sanjin Hotel Cup"]
[Site "Taiyuan"]
[Date "2004.07.26"]
[Round "9"]
[White "Xie, Jun"]
[Black "Short, Nigel D"]
[Result "1/2-1/2"]
[WhiteElo "2564"]
[BlackElo "2684"]
[PlyCount "34"]
[EventDate "2004.07.17"]
[EventType "tourn"]
[EventRounds "9"]
[EventCountry "CHN"]
[EventCategory "16"]
[SourceTitle "CBM 102"]
[Source "ChessBase"]
[SourceDate "2004.09.23"]
[SourceVersion "1"]
[SourceVersionDate "2004.09.23"]
[SourceQuality "1"]

1. e4 e6 2. d4 d5 3. Nd2 c5 4. exd5 exd5 5. Ngf3 Nf6 6. Bb5+ Bd7 7. Bxd7+ Nbxd7 8. 0-0 Be7 9. dxc5 Nxc5 10. Re1 0-0 11. Nf1 Re8 12. Be3 Ne6 13. Nd4 a6 14. Qf3 Rc8 15. c3 Bc5 16. Nb3 Bf8 17. h3 b5 1/2-1/2

[Event "Jinan 3 Arrows Cup"]
[Site "Jinan"]
[Date "2003.09.20"]
[Round "4"]
[White "Xie, Jun"]
[Black "Bareev, Evgeny"]
[Result "1/2-1/2"]
[WhiteElo "2569"]
[BlackElo "2721"]
[PlyCount "56"]
[EventDate "2003.09.17"]
[EventType "schev"]
[EventRounds "4"]
[EventCountry "CHN"]
[SourceTitle "CBM 098"]
[Source "ChessBase"]
[SourceDate "2004.02.03"]
[SourceVersion "1"]
[SourceVersionDate "2004.02.03"]
[SourceQuality "1"]

1. e4 e6 2. d4 d5 3. Nd2 c5 4. exd5 exd5 5. Bb5+ Bd7 6. Bxd7+ Qxd7 7. Qe2+ Be7 8. dxc5 Nf6 9. Ngf3 0-0 10. Nb3 Re8 11. 0-0 Na6 12. c6 Qxc6 13. Nfd4 Qd7 14. Qf3 g6 15. h3 Ne4 16. Be3 Nc7 17. Rad1 Qa4 18. a3 Rad8 19. Bf4 Nb5 20. Nxb5 Qxb5 21. Qd3 Qc6 22. Be3 Bf6 23. Bd4 a6 24. Bxf6 Qxf6 25. Qd4 Qc6 26. Qd3 Qf6 27. Qd4 Qc6 28. Qd3 Qf6 1/2-1/2

[Event "CHN-chT (Women)"]
[Site "Tianjing"]
[Date "2003.09.05"]
[Round "6"]
[White "Xie, Jun"]
[Black "Ning, Chunhong"]
[Result "1/2-1/2"]
[WhiteElo "2569"]
[BlackElo "2390"]
[PlyCount "113"]
[EventDate "2003.08.31"]
[EventType "team"]
[EventRounds "9"]
[EventCountry "CHN"]
[SourceTitle "EXT 2004"]
[Source "ChessBase"]
[SourceDate "2003.11.25"]
[SourceVersion "1"]
[SourceVersionDate "2003.11.25"]
[SourceQuality "1"]

1. e4 Nf6 2. e5 Nd5 3. d4 d6 4. Nf3 g6 5. Bc4 c6 6. 0-0 Bg7 7. Re1 0-0 8. Bb3 Na6 9. Nbd2 dxe5 10. Nxe5 Nac7 11. Ndf3 a5 12. a3 Qd6 13. c4 Nf6 14. h3 Qd8 15. Be3 Nd7 16. Ng4 c5 17. Qe2 h5 18. Nh6+ Kh8 19. d5 e5 20. g4 e4 21. Nd2 Qh4 22. Nxe4 f5 23. gxf5 gxf5 24. Nd6 Ne5 25. Bxc5 Qg5+ 26. Kh1 Qxh6 27. Nxc8 Rfxc8 28. Bd4 Re8 29. c5 a4 30. Ba2 Kh7 31. Rg1 Ng4 32. Bxg7 Rxe2 33. Bxh6 Nxf2+ 34. Kg2 Ne4+ 35. Kf3 Rf2+ 36. Ke3 Kxh6 37. Raf1 Rxb2 38. d6 Na6 39. Bf7 Naxc5 40. Rxf5 Rb3+ 41. Bxb3 axb3 42. Re5 Rd8 43. Rxe4 Nxe4 44. Kxe4 Rxd6 45. Rb1 Rb6 46. Rb2 Kg5 47. Kd4 Kh4 48. Kc5 Rc6+ 49. Kd4 Rd6+ 50. Kc4 Rg6 51. Rxb3 Rg3 52. Rxb7 Rxa3 53. Rh7 Rxh3 54. Kd4 Ra3 55. Ke4 Kg4 56. Rg7+ Kh3 57. Rf7 1/2-1/2

[Event "CHN-chT (Women)"]
[Site "Tianjing"]
[Date "2003.09.03"]
[Round "4"]
[White "Gu, Xiaobing"]
[Black "Xie, Jun"]
[Result "1-0"]
[WhiteElo "2346"]
[BlackElo "2569"]
[PlyCount "101"]
[EventDate "2003.08.31"]
[EventType "team"]
[EventRounds "9"]
[EventCountry "CHN"]
[SourceTitle "EXT 2004"]
[Source "ChessBase"]
[SourceDate "2003.11.25"]
[SourceVersion "1"]
[SourceVersionDate "2003.11.25"]
[SourceQuality "1"]

1. e4 e5 2. Nf3 Nc6 3. c3 Nf6 4. d4 Nxe4 5. d5 Ne7 6. Nxe5 Ng6 7. Qe2 Qe7 8. Qxe4 Qxe5 9. Qxe5+ Nxe5 10. Bf4 d6 11. Na3 a6 12. Nc4 Ng6 13. Be3 Be7 14. Be2 0-0 15. 0-0 Bf6 16. a4 Re8 17. Rfe1 Bd7 18. a5 Bb5 19. Na3 Bxe2 20. Rxe2 Ne7 21. Rd2 Nf5 22. Nc2 Re4 23. g3 Rae8 24. Kg2 Nxe3+ 25. fxe3 h5 26. Ra3 Bd8 27. Rd4 R4e5 28. Raa4 f5 29. Rab4 b6 30. axb6 cxb6 31. Rbc4 Kf7 32. Kf3 g5 33. Rc6 g4+ 34. Kf2 Ke7 35. Na3 b5 36. Rxa6 h4 37. Nxb5 hxg3+ 38. hxg3 Rh8 39. Nxd6 f4 40. exf4 Rh2+ 41. Kg1 Reh5 42. Nc4 Rh1+ 43. Kf2 R5h2+ 44. Ke3 Rg2 45. Re4+ Kf7 46. Ra7+ Kg6 47. Re6+ Bf6 48. Ne5+ Kf5 49. Rf7 Re1+ 50. Kd4 Rd2+ 51. Kc4 1-0

[Event "CHN-chT (Women)"]
[Site "Tianjing"]
[Date "2003.08.31"]
[Round "1"]
[White "Zhang, Jilin"]
[Black "Xie, Jun"]
[Result "0-1"]
[WhiteElo "2300"]
[BlackElo "2569"]
[PlyCount "74"]
[EventDate "2003.08.31"]
[EventType "team"]
[EventRounds "9"]
[EventCountry "CHN"]
[SourceTitle "EXT 2004"]
[Source "ChessBase"]
[SourceDate "2003.11.25"]
[SourceVersion "1"]
[SourceVersionDate "2003.11.25"]
[SourceQuality "1"]

1. e4 e5 2. Nf3 Nc6 3. Bb5 a6 4. Bxc6 dxc6 5. 0-0 Qd6 6. d4 exd4 7. Nxd4 Bd7 8. Bg5 Ne7 9. Nb3 Qxd1 10. Rxd1 Ng6 11. Nc3 b6 12. f3 a5 13. a4 f6 14. Be3 0-0-0 15. Ne2 Be7 16. Nbd4 c5 17. Nf5 Bf8 18. b3 Ne5 19. c4 g6 20. Nh6 Bg7 21. Bf4 Rhf8 22. Bxe5 fxe5 23. Ng4 Bxg4 24. fxg4 Bh6 25. h4 Be3+ 26. Kh2 Rf2 27. Rxd8+ Kxd8 28. Rd1+ Ke7 29. Ng3 Bf4 30. Kh3 Rb2 31. Rd3 Rb1 32. g5 Re1 33. Kg4 Bxg3 34. Rxg3 Rxe4+ 35. Kf3 Rxh4 36. Ke3 Ke6 37. Rf3 Rg4 0-1

[Event "USA-CHN Summit 2nd"]
[Site "Shanghai"]
[Date "2002.07.14"]
[Round "3"]
[White "Xie, Jun"]
[Black "Shabalov, Alexander"]
[Result "1/2-1/2"]
[WhiteElo "2562"]
[BlackElo "2624"]
[PlyCount "52"]
[EventDate "2002.07.11"]
[EventType "team"]
[EventRounds "4"]
[EventCountry "CHN"]
[SourceTitle "CBM 091"]
[Source "ChessBase"]
[SourceDate "2002.11.12"]
[SourceVersion "1"]
[SourceVersionDate "2002.11.12"]
[SourceQuality "1"]

1. e4 e5 2. Nf3 Nc6 3. Bb5 a6 4. Ba4 Nf6 5. 0-0 Be7 6. Re1 b5 7. Bb3 d6 8. c3 0-0 9. h3 Na5 10. Bc2 c5 11. d4 Qc7 12. Nbd2 Rd8 13. d5 c4 14. Nf1 Nb7 15. Ng3 a5 16. Be3 Nc5 17. Nd2 Rb8 18. Rc1 g6 19. Rf1 Nfd7 20. b4 cxb3 21. axb3 b4 22. cxb4 Rxb4 23. Nc4 Ba6 24. Bd2 Bxc4 25. bxc4 Rxc4 26. Qe2 Nb7 1/2-1/2

[Event "Amsterdam Klompendans"]
[Site "Amsterdam"]
[Date "2001.10.29"]
[Round "6"]
[White "Taimanov, Mark E"]
[Black "Xie, Jun"]
[Result "1/2-1/2"]
[WhiteElo "2439"]
[BlackElo "2553"]
[PlyCount "62"]
[EventDate "2001.10.23"]
[EventType "schev"]
[EventRounds "10"]
[EventCountry "NED"]
[SourceTitle "EXT 2002"]
[Source "ChessBase"]
[SourceDate "2001.11.25"]
[SourceVersion "1"]
[SourceVersionDate "2001.11.25"]
[SourceQuality "1"]

1. c4 g6 2. Nc3 Bg7 3. g3 Nf6 4. Bg2 0-0 5. d3 d6 6. e3 e5 7. Nge2 Nc6 8. 0-0 Rb8 9. Rb1 Be6 10. Nd5 Ne7 11. Nec3 c6 12. Nxf6+ Bxf6 13. b3 Bg7 14. a4 d5 15. Ba3 Re8 16. Qc2 Nf5 17. Ne2 Qd7 18. Rfd1 Rbd8 19. Bb2 d4 20. exd4 Nxd4 21. Nxd4 exd4 22. Re1 Bf5 23. Qd2 h5 24. Bf1 Bg4 25. Rxe8+ Rxe8 26. Re1 Re6 27. Rxe6 Qxe6 28. b4 h4 29. Qf4 Be5 30. Qe4 Bf5 31. Qe2 hxg3 1/2-1/2

[Event "Amsterdam Klompendans"]
[Site "Amsterdam"]
[Date "2001.10.28"]
[Round "5"]
[White "Xie, Jun"]
[Black "Kortschnoj, Viktor Lvovich"]
[Result "1/2-1/2"]
[WhiteElo "2553"]
[BlackElo "2639"]
[PlyCount "69"]
[EventDate "2001.10.23"]
[EventType "schev"]
[EventRounds "10"]
[EventCountry "NED"]
[SourceTitle "EXT 2002"]
[Source "ChessBase"]
[SourceDate "2001.11.25"]
[SourceVersion "1"]
[SourceVersionDate "2001.11.25"]
[SourceQuality "1"]

1. e4 c5 2. Nf3 e6 3. d4 cxd4 4. Nxd4 Nc6 5. Nc3 d6 6. Be2 Nf6 7. 0-0 Be7 8. Kh1 0-0 9. f4 Bd7 10. Nb3 a5 11. a4 Nb4 12. Bf3 e5 13. Be3 Qc8 14. Qd2 Bg4 15. Bb6 Bd8 16. fxe5 dxe5 17. Bc5 Re8 18. Nb5 Bxf3 19. gxf3 Re6 20. Rg1 Nh5 21. Nc3 Rf6 22. Raf1 Bb6 23. Bxb4 Bxg1 24. Nd5 Re6 25. Rxg1 axb4 26. Qg5 Qxc2 27. Na1 Qf2 28. Qxh5 Rae8 29. Qg4 g6 30. Nc7 Qxb2 31. Nxe8 Rxe8 32. Qd7 Re6 33. Qxb7 Qf2 34. Qxb4 Qxf3+ 35. Rg2 1/2-1/2

[Event "EUR-ASIA m 30' (Women)"]
[Site "Batumi"]
[Date "2001.09.19"]
[Round "7"]
[White "Chiburdanidze, Maia"]
[Black "Xie, Jun"]
[Result "1/2-1/2"]
[WhiteElo "2513"]
[BlackElo "2553"]
[PlyCount "79"]
[EventDate "2001.09.17"]
[EventType "team (rapid)"]
[EventRounds "8"]
[EventCountry "GEO"]
[SourceTitle "CBM 086"]
[Source "ChessBase"]
[SourceDate "2002.02.05"]
[SourceVersion "1"]
[SourceVersionDate "2002.02.05"]
[SourceQuality "1"]

1. d4 Nf6 2. c4 g6 3. g3 Bg7 4. Bg2 d5 5. cxd5 Nxd5 6. e4 Nb6 7. Ne2 c5 8. d5 0-0 9. 0-0 e6 10. Nec3 exd5 11. exd5 Bf5 12. Be3 Na6 13. Na3 Qd7 14. Qd2 Rac8 15. Ncb5 Rfd8 16. Rfd1 Na4 17. b3 Nb2 18. Nxa7 Ra8 19. N7b5 Nxd1 20. Rxd1 b6 21. d6 Rac8 22. Nc3 Bg4 23. f3 Be6 24. Nc4 Rb8 25. a4 Nb4 26. Nb5 Nc6 27. f4 Bxc4 28. bxc4 Nd4 29. f5 Nxf5 30. Bf4 Nd4 31. Bd5 Re8 32. Nxd4 Bxd4+ 33. Kg2 Ra8 34. Bxa8 Rxa8 35. Re1 Rxa4 36. Re7 Qc6+ 37. Kh3 Ra8 38. d7 Rd8 39. Qe2 f6 40. Qg4 1/2-1/2

[Event "EUR-ASIA m 30' (Women)"]
[Site "Batumi"]
[Date "2001.09.18"]
[Round "5"]
[White "Xie, Jun"]
[Black "Kovalevskaya, Ekaterina"]
[Result "1-0"]
[WhiteElo "2553"]
[BlackElo "2507"]
[PlyCount "99"]
[EventDate "2001.09.17"]
[EventType "team (rapid)"]
[EventRounds "8"]
[EventCountry "GEO"]
[SourceTitle "CBM 086"]
[Source "ChessBase"]
[SourceDate "2002.02.05"]
[SourceVersion "1"]
[SourceVersionDate "2002.02.05"]
[SourceQuality "1"]

1. e4 c5 2. Nf3 Nc6 3. Nc3 e5 4. Bc4 Be7 5. d3 Nf6 6. Ng5 0-0 7. f4 exf4 8. Bxf4 d6 9. 0-0 h6 10. Nf3 Be6 11. Nd5 Bxd5 12. Bxd5 Nxd5 13. exd5 Ne5 14. d4 Ng6 15. Bg3 c4 16. b3 Rc8 17. Nd2 b5 18. bxc4 bxc4 19. c3 Bh4 20. Qf3 f5 21. Rae1 Qg5 22. Bxh4 Nxh4 23. Qf2 f4 24. Ne4 Qd8 25. Qe2 f3 26. gxf3 Qd7 27. Nd2 Rce8 28. Qf2 Rxe1 29. Qxe1 Qd8 30. Kh1 Kh8 31. Qg3 Nf5 32. Qg6 Qh4 33. Qg4 Qe7 34. Qe4 Qg5 35. Nxc4 Nh4 36. Rg1 Qf6 37. Nd2 Rf7 38. c4 Re7 39. Qg4 Re2 40. Rd1 Rg2 41. Ne4 Rxg4 42. Nxf6 Rf4 43. Ne4 Rxf3 44. c5 Re3 45. cxd6 Nf3 46. d7 Re2 47. d8Q+ Kh7 48. Nf6+ gxf6 49. Qd7+ Kh8 50. Qh3 1-0

[Event "Najdorf Memorial 12th"]
[Site "Buenos Aires"]
[Date "2001.09.13"]
[Round "9"]
[White "Felgaer, Ruben Alejandro"]
[Black "Xie, Jun"]
[Result "1/2-1/2"]
[WhiteElo "2471"]
[BlackElo "2553"]
[PlyCount "38"]
[EventDate "2001.09.04"]
[EventType "tourn"]
[EventRounds "9"]
[EventCountry "ARG"]
[EventCategory "14"]
[SourceTitle "CBM 085"]
[Source "ChessBase"]
[SourceDate "2001.11.13"]
[SourceVersion "1"]
[SourceVersionDate "2001.11.13"]
[SourceQuality "1"]

1. e4 e5 2. Nf3 Nc6 3. Bc4 Nf6 4. d3 Bc5 5. c3 d6 6. 0-0 0-0 7. Bb3 a6 8. h3 Ba7 9. Be3 h6 10. Nbd2 Be6 11. Re1 Bxe3 12. Rxe3 d5 13. exd5 Nxd5 14. Re1 Nf4 15. Nxe5 Bxb3 16. Nxb3 Qg5 17. Qg4 Nxe5 18. Qxg5 Nf3+ 19. gxf3 Nxh3+ 1/2-1/2

[Event "Najdorf Memorial 12th"]
[Site "Buenos Aires"]
[Date "2001.09.04"]
[Round "1"]
[White "Radjabov, Teimour"]
[Black "Xie, Jun"]
[Result "1/2-1/2"]
[WhiteElo "2558"]
[BlackElo "2553"]
[PlyCount "130"]
[EventDate "2001.09.04"]
[EventType "tourn"]
[EventRounds "9"]
[EventCountry "ARG"]
[EventCategory "14"]
[SourceTitle "CBM 085"]
[Source "ChessBase"]
[SourceDate "2001.11.13"]
[SourceVersion "1"]
[SourceVersionDate "2001.11.13"]
[SourceQuality "1"]

1. d4 Nf6 2. c4 g6 3. Nc3 Bg7 4. e4 d6 5. Be2 0-0 6. Nf3 e5 7. Be3 Nbd7 8. 0-0 Re8 9. d5 Ng4 10. Bg5 f6 11. Bh4 h5 12. Nd2 Nf8 13. b4 a5 14. bxa5 Rxa5 15. Nb3 Ra8 16. c5 Nh6 17. f3 g5 18. Bf2 Ng6 19. cxd6 cxd6 20. Nd2 Nf4 21. Nc4 Ra6 22. Ne3 Ra8 23. Rb1 f5 24. Kh1 Qe7 25. Bd3 Rf8 26. exf5 Nxd3 27. Qxd3 Nxf5 28. Nc4 Nd4 29. Ne4 Bf5 30. Qd2 Bxe4 31. fxe4 Rac8 32. Rbc1 Rf4 33. Bxd4 Rxc4 34. Rxc4 Rxf1+ 35. Bg1 g4 36. Rc1 Rxc1 37. Qxc1 Kh7 38. Qf1 Qg5 39. a4 Qf4 40. Qe2 Kg6 41. g3 Qf7 42. Kg2 Bh6 43. Bf2 Bg5 44. Be1 Bd8 45. Bb4 Qd7 46. Qd1 Qc7 47. Qd3 Be7 48. Be1 Bg5 49. Bf2 Qc1 50. Qb5 Qc7 51. Qe8+ Qf7 52. Qxf7+ Kxf7 53. Kf1 Ke8 54. Ke2 Kd7 55. Kd3 Bf6 56. Be3 Bd8 57. Kc4 Be7 58. Kb5 Bd8 59. a5 Be7 60. Bd2 Bd8 61. Bc1 Be7 62. Be3 Bf6 63. Bd2 Bd8 64. Bb4 Kc7 65. Bd2 Kd7 1/2-1/2